[Event "Open Mediterranean 2013"]
[Site "Fiume CRO"]
[Date "2007.11.30"]
[Round "7.5"]
[White "Jovanic, Ognjen"]
[Black "Cvitan, Ognjen"]
[Result "1-0"]
[WhiteElo "2492"]
[BlackElo "2543"]
[PlyCount "69"]
[EventDate "2007.11.25"]
[Source "www.chesslib.no"]
[SourceDate "2004.05.04"]

1. d4 Nf6 2. c4 g6 3. Nc3 Bg7 4. e4 d6 5. Bg5 O-O 6. Qd2 c5 7. d5 e6 8. Bd3 exd5 9. cxd5 Re8 10. Nge2 a6 11. a4 Nbd7 12. Ng3 Qa5 13. O-O h5 14. h3 Nh7 15. Bh6 Bh8 16. f4 h4 17. Nge2 c4 18. Bc2 Nc5 19. Kh1 Nb3 20. Bxb3 cxb3 21. f5 gxf5 22. exf5 Qd8 23. Ra3 Bxc3 24. Nxc3 Re5 25. Rxb3 Rxf5 26. Rxf5 Bxf5 27. Rxb7 Qf6 28. Bf4 Re8 29. Kh2 Bd3 30. Rb6 Qd4 31. Rxd6 Nf8 32. Bg5 Ng6 33. Bf6 Qb4 34. Rc6 Kh7 35. Qf2 1-0

[Event "Mind Sports Games - Rapid Ind"]
[Site "Pechino CINA"]
[Date "2008.10.07"]
[Round "9"]
[White "Gonzalez Garcia, J2."]
[Black "Paragua, M."]
[Result "0-1"]
[WhiteElo "2508"]
[BlackElo "2526"]
[PlyCount "87"]
[EventDate "2008.10.05"]
[Source "www.chesslib.no"]
[SourceDate "2004.05.04"]

1. d4 Nf6 2. c4 g6 3. Nc3 Bg7 4. e4 d6 5. Bg5 O-O 6. Qd2 c5 7. d5 e6 8. Bd3 exd5 9. exd5 Re8+ 10. Nge2 Nbd7 11. f4 h6 12. Bh4 a6 13. a4 Qa5 14. O-O Ng4 15. Rf3 f5 16. h3 Ngf6 17. Qc2 Nf8 18. Be1 Qc7 19. a5 Bd7 20. Na4 Bxa4 21. Qxa4 Ne4 22. Rb1 Re7 23. Qc2 Rae8 24. Kh2 Nh7 25. b4 cxb4 26. Bxb4 Nc5 27. Nc3 Re3 28. Rxe3 Rxe3 29. Bf1 Nf6 30. Na4 Nfe4 31. Be1 Rxe1 32. Rxe1 Qxa5 33. Nxc5 Qxe1 34. Nxe4 Qxf1 35. Qf2 Qxc4 36. Nxd6 Qxd5 37. Qb6 Qd2 38. Nxb7 Qxf4+ 39. g3 Qd2+ 40. Kh1 Qd1+ 41. Kg2 Qe2+ 42. Kh1 Qf3+ 43. Kh2 f4 44. Qb3+ 0-1

[Event "GRE-ch"]
[Site "Athens"]
[Date "1996.??.??"]
[Round "2"]
[White "Nikolaidis, Ioannis"]
[Black "Banikas, Hristos"]
[Result "1/2-1/2"]
[WhiteElo "2585"]
[BlackElo "2445"]
[PlyCount "73"]
[EventDate "1996.08.15"]
[Source "ChessBase"]

1. d4 Nf6 2. c4 g6 3. Nc3 Bg7 4. e4 d6 5. Bg5 c5 6. d5 h6 7. Be3 Ng4 8. Bc1 Bd4 9. Nh3 Nf6 10. Qd3 Na6 11. a3 e5 12. g3 Bd7 13. f3 Nc7 14. a4 Na6 15. Ne2 Qb6 16. Nxd4 cxd4 17. a5 Qb4+ 18. Qd2 Bxh3 19. Bxh3 Qxc4 20. Bf1 Qb4 21. Bxa6 Qxd2+ 22. Bxd2 bxa6 23. Rc1 Kd7 24. Rc6 Rhb8 25. b4 Ng8 26. Ke2 f5 27. Rhc1 Rc8 28. Rxa6 Rxc1 29. Bxc1 Nf6 30. Kd3 fxe4+ 31. fxe4 Ne8 32. Rc6 Nc7 33. Bxh6 Rh8 34. Bg7 Rg8 35. Bh6 Rh8 36. Bg7 Rg8 37. Bh6 1/2-1/2

[Event "Nis 74/574"]
[Site "?"]
[Date "1998.??.??"]
[Round "?"]
[White "Rajkovic, Dusan"]
[Black "Markovic, Miroslav"]
[Result "0-1"]
[WhiteElo "2455"]
[BlackElo "2575"]
[PlyCount "64"]
[Source "ChessBase"]
[SourceDate "1998.10.01"]

1. d4 Nf6 2. c4 g6 3. Nc3 Bg7 4. e4 d6 5. Bg5 h6 6. Be3 Ng4 7. Bc1 e5 8. d5 f5 9. exf5 gxf5 10. h3 Nf6 11. g4 Na6 12. gxf5 Bxf5 13. Nge2 Qd7 14. Ng3 Bg6 15. Bd3 e4 16. Ngxe4 Nxe4 17. Nxe4 Bxe4 18. Bxe4 O-O-O 19. Be3 Nc5 20. Bf3 Kb8 21. Qc2 Bxb2 22. Rb1 Bf6 23. Bg4 Qg7 24. Bxc5 dxc5 25. Ke2 b6 26. Rhg1 Bd4 27. Be6 Qe5+ 28. Kf1 Rhf8 29. Rg2 Rf6 30. Re1 Qd6 31. Re4 Rdf8 32. Re2 Qf4 0-1

[Event "Rubinstein Memorial"]
[Site "Polanica Zdroj POL"]
[Date "1988.??.??"]
[Round "13"]
[White "Chernin, Alexander M"]
[Black "Bronstein, David I"]
[Result "1-0"]
[WhiteElo "2565"]
[BlackElo "2455"]
[PlyCount "41"]
[EventDate "1988.08.??"]
[Source "www.chesslib.no"]
[SourceDate "2004.05.04"]

1. d4 Nf6 2. c4 g6 3. Nc3 Bg7 4. e4 d6 5. Bg5 h6 6. Bf4 Nbd7 7. Nf3 c6 8. Be2 a6 9. O-O b5 10. e5 Nh5 11. Be3 b4 12. Na4 g5 13. exd6 Nhf6 14. Ne5 exd6 15. Nxc6 Qc7 16. d5 a5 17. a3 bxa3 18. Rxa3 O-O 19. Ne7+ Kh8 20. Nf5 Re8 21. Nxg7 1-0

[Event "Budapest FS02 GM"]
[Site "Budapest"]
[Date "2000.02.14"]
[Round "10"]
[White "Horvath, Csaba"]
[Black "Wang Rui"]
[Result "1/2-1/2"]
[WhiteElo "2519"]
[BlackElo "2496"]
[PlyCount "22"]
[EventDate "2000.02.05"]
[Source "ChessBase"]
[SourceDate "2000.05.31"]

1. d4 Nf6 2. c4 g6 3. Nc3 Bg7 4. e4 d6 5. Bg5 O-O 6. Qd2 Nbd7 7. Nge2 a6 8. Ng3 c6 9. Be2 e5 10. d5 cxd5 11. cxd5 b5 1/2-1/2

[Event "Pappier Memorial A"]
[Site "CAPA email"]
[Date "1998.??.??"]
[Round "?"]
[White "Galvao, Luiz Carlos S"]
[Black "Berdichesky, Ruben"]
[Result "1/2-1/2"]
[WhiteElo "2510"]
[BlackElo "2505"]
[PlyCount "73"]
[EventDate "1998.??.??"]
[Source "www.chesslib.no"]
[SourceDate "2004.05.04"]

1. c4 g6 2. d4 Bg7 3. Nc3 d6 4. e4 Nf6 5. Bg5 h6 6. Bf4 Nc6 7. d5 Ne5 8. Be2 O-O 9. h3 e6 10. Nf3 Nxf3+ 11. Bxf3 exd5 12. cxd5 Nh7 13. h4 Re8 14. Qd2 h5 15. Kf1 Nf6 16. Bg5 Qd7 17. Re1 b5 18. g3 b4 19. Nd1 a5 20. Kg2 Bb7 21. Bxf6 Bxf6 22. Ne3 Re7 23. g4 Qa4 24. Ra1 Rae8 25. gxh5 Rxe4 26. hxg6 fxg6 27. Ng4 Rxg4+ 28. Bxg4 b3 29. Bf3 bxa2 30. b3 Qxb3 31. Qxa2 Qd3 32. Rab1 Bc8 33. Qxa5 Bh3+ 34. Rxh3 Qxb1 35. Qxc7 Re1 36. Qxd6 Be5 37. Qd8+ 1/2-1/2

[Event "SWE-chT 0001"]
[Site "?"]
[Date "2000.??.??"]
[Round "3"]
[White "Agrest Evgenij"]
[Black "Laveryd Peter"]
[Result "0-1"]
[WhiteElo "2604"]
[BlackElo "2410"]
[PlyCount "103"]
[EventDate "2000.??.??"]
[Source "www.chesslib.no"]
[SourceDate "2004.05.04"]

1. c4 Nf6 2. Nc3 g6 3. d4 Bg7 4. e4 d6 5. Bg5 h6 6. Be3 e5 7. d5 Ng4 8. Bc1 f5 9. Be2 Nf6 10. exf5 gxf5 11. Bh5+ Nxh5 12. Qxh5+ Kf8 13. f4 Qe8 14. Qh3 Kg8 15. Nge2 Kh7 16. O-O Rf8 17. a4 Na6 18. Ra3 Qe7 19. Nd1 Nc5 20. b4 Ne4 21. a5 c6 22. Ne3 Qf7 23. Rd3 cxd5 24. Nxd5 Be6 25. Rdd1 Rac8 26. Qd3 Nf6 27. fxe5 dxe5 28. Ng3 Nxd5 29. cxd5 Bd7 30. b5 Qg6 31. Ba3 Rf7 32. Qb1 b6 33. axb6 Qxb6+ 34. Kh1 Qg6 35. d6 h5 36. Qb4 f4 37. Ne4 Rc2 38. Rd2 Rxd2 39. Nxd2 Bf5 40. Re1 Bd3 41. Qc5 e4 42. Qc6 Qf5 43. Nxe4 f3 44. Nf2 fxg2+ 45. Qxg2 Bc4 46. Ne4 Bd5 47. h4 Bc3 48. Kg1 Bxe1 49. Ng5+ Kg7 50. Nf3+ Qg4 51. Qxg4+ hxg4 52. Nxe1 0-1

[Event "VIII Int Rapid"]
[Site "El Sauzal ESP"]
[Date "2007.11.03"]
[Round "5"]
[White "Gonzalez Garcia, J2."]
[Black "Komljenovic, D."]
[Result "1-0"]
[WhiteElo "2541"]
[BlackElo "2471"]
[PlyCount "81"]
[EventDate "2007.11.03"]
[Source "www.chesslib.no"]
[SourceDate "2004.05.04"]

1. d4 Nf6 2. c4 g6 3. Nc3 Bg7 4. e4 d6 5. Bg5 h6 6. Be3 Ng4 7. Bc1 e5 8. d5 f5 9. Be2 O-O 10. Bxg4 fxg4 11. Be3 c5 12. Qd2 g5 13. h3 gxh3 14. Nxh3 Na6 15. f3 Nc7 16. Nf2 Qe8 17. Ne2 b5 18. b3 bxc4 19. bxc4 Rb8 20. Ng3 Rb4 21. Rc1 Na8 22. a3 Rb3 23. Ng4 Qg6 24. Qa2 Rb8 25. Bd2 Nb6 26. Ne3 Rf4 27. Qc2 Bf8 28. Nef5 Ba6 29. Rxh6 Bxh6 30. Ne7+ Kf7 31. Nxg6 Kxg6 32. Bxf4 gxf4 33. Nf5 Bf8 34. g3 fxg3 35. Qg2 Nxc4 36. Qxg3+ Kf7 37. Qg4 Nb2 38. Nxd6+ Bxd6 39. Qe6+ Kg7 40. Qd7+ Kg8 41. Qxd6 1-0

[Event "Leonid Stein mem-B"]
[Site "Lvov"]
[Date "2000.05.20"]
[Round "8"]
[White "Chernin, Alexander"]
[Black "Kozakov, Mikhail"]
[Result "1-0"]
[WhiteElo "2583"]
[BlackElo "2426"]
[PlyCount "76"]
[EventDate "2000.05.12"]
[Source "ChessBase"]
[SourceDate "2000.07.27"]

1. d4 Nf6 2. c4 g6 3. Nc3 Bg7 4. e4 d6 5. Bg5 O-O 6. Qd2 c5 7. d5 e6 8. Nge2 exd5 9. cxd5 h5 10. Nc1 a6 11. a4 Qe8 12. f3 Nh7 13. Bh6 f5 14. Bxg7 Kxg7 15. Bd3 Nd7 16. O-O f4 17. N3e2 g5 18. b4 cxb4 19. Qxb4 Qe5 20. Bc2 Nc5 21. Nd3 Nxd3 22. Bxd3 g4 23. Rac1 Ng5 24. Rc7+ Kh8 25. Nd4 gxf3 26. Nxf3 Nxf3+ 27. Rxf3 Bg4 28. Rf2 b5 29. h3 Rac8 30. Rc6 Rxc6 31. dxc6 Bxh3 32. gxh3 Rg8+ 33. Kf1 Qg5 34. Qb2+ Kh7 35. Rg2 Qh4 36. e5+ Kh6 37. Rxg8 Qxh3+ 38. Kg1 Qxd3 1-0

[Event "Open"]
[Site "Leiden op"]
[Date "1991.??.??"]
[Round "?"]
[White "Ermenkov, Evgenij P"]
[Black "Blatny, Pavel"]
[Result "1-0"]
[WhiteElo "2505"]
[BlackElo "2495"]
[PlyCount "69"]
[EventDate "1991.??.??"]
[Source "www.chesslib.no"]
[SourceDate "2004.05.04"]

1. e4 g6 2. d4 Bg7 3. c4 d6 4. Nc3 Nf6 5. Bg5 Nbd7 6. Bd3 c5 7. d5 a6 8. Nf3 O-O 9. a4 Ng4 10. O-O Nge5 11. Nxe5 Nxe5 12. Be2 h6 13. Bd2 g5 14. a5 Bd7 15. Na4 Qc7 16. Nb6 Rad8 17. Ra3 Be8 18. Qc1 Ng6 19. Bg4 Bd4 20. Kh1 Kg7 21. g3 Ne5 22. Bh3 f6 23. f4 Ng6 24. Bf5 Bf7 25. Raf3 Rh8 26. b3 Rh7 27. Qe1 Rdh8 28. Qe2 Be8 29. Qg2 Bd7 30. Qh3 Be8 31. Qg2 Bf7 32. h4 Be8 33. Qh3 Bf7 34. h5 Nf8 35. Qg4 1-0

[Event "Cvitanovic mem"]
[Site "Split"]
[Date "2000.04.30"]
[Round "2"]
[White "Horvath, Csaba"]
[Black "Muse, Mladen"]
[Result "0-1"]
[WhiteElo "2519"]
[BlackElo "2478"]
[PlyCount "48"]
[EventDate "2000.04.27"]
[Source "www.chesslib.no"]
[SourceDate "2004.05.04"]

1. d4 Nf6 2. c4 g6 3. Nc3 Bg7 4. e4 d6 5. Bg5 h6 6. Be3 e5 7. d5 Ng4 8. Bd2 f5 9. Be2 Nf6 10. exf5 Bxf5 11. g4 Bd7 12. Qc2 e4 13. Nxe4 O-O 14. Ng3 Nxg4 15. f3 Ne5 16. f4 Ng4 17. Qxg6 Qe8 18. Qxe8 Rxe8 19. Nf3 Na6 20. Rg1 Nc5 21. O-O-O Kf7 22. Kb1 b5 23. cxb5 a6 24. Bc1 Rxe2 0-1

[Event "SWE-chT 0102"]
[Site "?"]
[Date "2002.03.15"]
[Round "9"]
[White "Sokolov Ivan"]
[Black "Nilsson Mattias"]
[Result "1-0"]
[WhiteElo "2670"]
[BlackElo "2309"]
[PlyCount "59"]
[EventDate "2002.??.??"]
[Source "www.chesslib.no"]
[SourceDate "2004.05.04"]

1. d4 Nf6 2. c4 g6 3. Nc3 Bg7 4. e4 d6 5. Bg5 c5 6. d5 O-O 7. h3 e6 8. Nf3 exd5 9. cxd5 Re8 10. Bd3 h6 11. Be3 c4 12. Bc2 a6 13. O-O b5 14. a3 Nbd7 15. Qd2 Kh7 16. Rae1 Qc7 17. Bd4 Nc5 18. e5 dxe5 19. Bxe5 Qd8 20. Bd4 Rxe1 21. Rxe1 Qd6 22. Be5 Qd8 23. Bd4 Qd6 24. Ne5 Ra7 25. Qe3 Rc7 26. Nxf7 Rxf7 27. Bxc5 Qc7 28. Bd4 Bb7 29. Be5 Qd7 30. Qg3 1-0

[Event "Tch-BIH"]
[Site "Neum"]
[Date "2004.05.29"]
[Round "1"]
[White "Milanovic, Danilo"]
[Black "Ivanisevic, Ivan"]
[Result "0-1"]
[WhiteElo "2428"]
[BlackElo "2550"]
[PlyCount "50"]
[EventDate "2004.05.29"]
[Source "Roberto Alvarez"]
[SourceDate "2004.06.07"]

1. d4 Nf6 2. c4 g6 3. Nc3 Bg7 4. e4 d6 5. Bg5 h6 6. Be3 Ng4 7. Bc1 e5 8. d5 f5 9. h3 Nf6 10. exf5 gxf5 11. g4 Na6 12. Nge2 f4 13. Bg2 O-O 14. Ne4 Nxe4 15. Bxe4 Nc5 16. Qc2 b5 17. cxb5 a6 18. b4 Nxe4 19. Qxe4 axb5 20. Nc3 Bd7 21. Bb2 Qh4 22. Rd1 Kh8 23. Rd2 f3 24. a3 Rf4 25. Qe3 Bxg4 0-1

[Event "Budapest FS08 GM"]
[Site "Budapest HUN"]
[Date "1995.??.??"]
[Round "4"]
[White "Nikolaidis, Ioannis"]
[Black "Enders, Peter"]
[Result "1/2-1/2"]
[WhiteElo "2495"]
[BlackElo "2480"]
[PlyCount "79"]
[EventDate "1995.08.??"]
[Source "www.chesslib.no"]
[SourceDate "2004.05.04"]

1. d4 Nf6 2. c4 g6 3. Nc3 Bg7 4. e4 d6 5. Bg5 O-O 6. Qd2 c5 7. d5 a6 8. a4 Qa5 9. Ra3 e6 10. f3 exd5 11. cxd5 Re8 12. Nge2 Nbd7 13. Ng3 h5 14. Be2 Nh7 15. Bh6 Bxh6 16. Qxh6 Qb4 17. Qd2 Ne5 18. Nf1 Bd7 19. a5 f5 20. Ne3 Qd4 21. Rb3 Nf6 22. Nc2 Qxd2+ 23. Kxd2 fxe4 24. f4 Nd3 25. Rb6 Kg7 26. Ne3 Nxf4 27. Rxd6 Nxe2 28. Nxe2 Rf8 29. Rb6 Bb5 30. Rxb7+ Kh6 31. Rc1 Ne8 32. Rxc5 Nd6 33. Rb6 Rf2 34. Rcxb5 Nxb5 35. Ke1 Rff8 36. h4 Kg7 37. Re6 Rfe8 38. Rb6 Reb8 39. Re6 Re8 40. Rb6 1/2-1/2

[Event "BUL Ch"]
[Site "Bulgaria"]
[Date "1988.??.??"]
[Round "?"]
[White "Ermenkov, Evgenij P"]
[Black "Georgiev, Krum I"]
[Result "1-0"]
[WhiteElo "2480"]
[BlackElo "2490"]
[PlyCount "31"]
[EventDate "1988.08.??"]
[Source "www.chesslib.no"]
[SourceDate "2004.05.04"]

1. d4 Nf6 2. c4 g6 3. Nc3 Bg7 4. e4 d6 5. Bg5 O-O 6. Qd2 a6 7. Nge2 Nc6 8. d5 Na7 9. Ng3 Bd7 10. Bh6 Bxh6 11. Qxh6 b5 12. f3 e5 13. dxe6 Bxe6 14. O-O-O Nd7 15. Nd5 Ne5 16. Nh5 1-0

[Event "Harmonie Open A"]
[Site "Groningen NED"]
[Date "2007.12.23"]
[Round "3"]
[White "Hoeksema, E."]
[Black "Banikas, H."]
[Result "0-1"]
[WhiteElo "2373"]
[BlackElo "2591"]
[PlyCount "80"]
[EventDate "2007.12.21"]
[Source "www.chesslib.no"]
[SourceDate "2004.05.04"]

1. d4 Nf6 2. c4 g6 3. Nc3 Bg7 4. e4 d6 5. Bg5 a6 6. f4 c5 7. d5 Qa5 8. Qd2 Nh5 9. g3 h6 10. Bh4 g5 11. Be2 Bxc3 12. Qxc3 Qxc3+ 13. bxc3 Nf6 14. fxg5 hxg5 15. Bxg5 Nxe4 16. Bf4 Nxc3 17. Bd3 b5 18. Bd2 Na4 19. cxb5 Bb7 20. Ne2 Bxd5 21. O-O axb5 22. Bxb5+ Bc6 23. Bc4 d5 24. Bb3 Nd7 25. Rac1 e5 26. Rfe1 O-O 27. g4 c4 28. Bc2 Nac5 29. Bb1 Ra4 30. Ng3 d4 31. Nf5 Ba8 32. Rf1 f6 33. Bh6 Rb8 34. Nd6 Rb2 35. Rf2 Rxf2 36. Kxf2 Bd5 37. g5 fxg5 38. Bxg5 Rb4 39. h4 c3 40. Bg6 Rb6 0-1

[Event "Vrsac op"]
[Site "Vrsac"]
[Date "2000.??.??"]
[Round "3.1"]
[White "Milanovic, Danilo"]
[Black "Ilincic, Zlatko"]
[Result "0-1"]
[WhiteElo "2399"]
[BlackElo "2563"]
[PlyCount "116"]
[EventDate "2000.07.??"]
[Source "www.chesslib.no"]
[SourceDate "2004.05.04"]

1. d4 Nf6 2. c4 g6 3. Nc3 Bg7 4. e4 d6 5. Bg5 O-O 6. Qd2 Na6 7. Rd1 c5 8. d5 Nc7 9. Bd3 a6 10. Nge2 b5 11. b3 b4 12. Na4 Bd7 13. e5 Bxa4 14. exf6 exf6 15. Bf4 Be8 16. Qe3 a5 17. g4 Ra6 18. Qg3 Qe7 19. h4 Bd7 20. h5 Re8 21. hxg6 fxg6 22. Be3 Bf8 23. Nf4 Qg7 24. Ke2 a4 25. Rh2 axb3 26. axb3 Ra2+ 27. Kf3 f5 28. gxf5 Bxf5 29. Bxf5 gxf5 30. Qxg7+ Bxg7 31. Rg1 Re7 32. Rhg2 Kf8 33. Nh5 Be5 34. Rg8+ Kf7 35. Bh6 Ra8 36. R8g5 Ra3 37. Rxf5+ Ke8 38. Rg8+ Kd7 39. Bg5 Rxb3+ 40. Kg2 Re8 41. Rf7+ Kc8 42. Rxc7+ Kxc7 43. Rxe8 Rc3 44. f4 Bd4 45. f5 Rc2+ 46. Kg3 b3 47. Kh3 Be5 48. Re7+ Kb6 49. Rxe5 dxe5 50. f6 b2 51. f7 b1=Q 52. f8=Q Qh1+ 53. Kg4 Rxc4+ 54. Nf4 Qxd5 55. Qb8+ Ka5 56. Bd8+ Ka4 57. Qa7+ Kb3 58. Qb6+ Kc2 0-1

[Event "Open"]
[Site "Elenite op"]
[Date "1995.??.??"]
[Round "?"]
[White "Ermenkov, Evgenij P"]
[Black "Spasov, Vasil V"]
[Result "0-1"]
[WhiteElo "2435"]
[BlackElo "2525"]
[PlyCount "92"]
[EventDate "1995.??.??"]
[Source "www.chesslib.no"]
[SourceDate "2004.05.04"]

1. c4 g6 2. d4 Nf6 3. Nc3 Bg7 4. e4 d6 5. Bg5 O-O 6. Qd2 a6 7. Nge2 b5 8. Ng3 b4 9. Nd1 Nc6 10. d5 Ne5 11. Bh6 Bxh6 12. Qxh6 c6 13. h3 cxd5 14. cxd5 Ned7 15. Bd3 Nc5 16. Bc2 Bd7 17. O-O Rc8 18. Ne3 Kh8 19. Rfe1 Rg8 20. f4 Ba4 21. b3 Bb5 22. Rad1 Ncd7 23. Kh2 Rc3 24. Rd2 Qb6 25. Nd1 Rgc8 26. Nxc3 bxc3 27. Rdd1 Qf2 28. Rc1 Nc5 29. a4 Bd3 30. b4 Ncxe4 31. Nxe4 Nxe4 32. Rxe4 Bxe4 33. Bxe4 Qe3 34. Rc2 Kg8 35. Bf3 Qd3 36. Rc1 Qd2 37. Rd1 Qe3 38. Qh4 c2 39. Re1 c1=Q 40. Rxe3 Qxe3 41. b5 axb5 42. axb5 Rb8 43. f5 Qe5+ 44. g3 Rxb5 45. fxg6 Rb2+ 46. Bg2 hxg6 0-1

[Event "Dov Porath mem"]
[Site "Givatayim"]
[Date "1998.05.12"]
[Round "2"]
[White "Tsesarsky, Ilya"]
[Black "Golod, Vitali"]
[Result "1/2-1/2"]
[WhiteElo "2425"]
[BlackElo "2535"]
[PlyCount "35"]
[EventDate "1998.05.10"]
[Source "ChessBase"]
[SourceDate "1998.08.06"]

1. d4 Nf6 2. c4 g6 3. Nc3 Bg7 4. e4 d6 5. Bg5 Nbd7 6. f4 O-O 7. Nf3 c6 8. Qd2 a6 9. e5 Ne8 10. O-O-O c5 11. Ne4 cxd4 12. exd6 Ndf6 13. dxe7 Qxe7 14. Bd3 Qc7 15. Nxf6+ Nxf6 16. Kb1 Ng4 17. f5 Bxf5 18. Bxf5 1/2-1/2

[Event "Balkan-ch"]
[Site "?"]
[Date "2002.12.13"]
[Round "5"]
[White "Nikolaidis Ioannis"]
[Black "Sofronie Iulian"]
[Result "1-0"]
[WhiteElo "2495"]
[BlackElo "2460"]
[PlyCount "57"]
[EventDate "2002.??.??"]
[Source "www.chesslib.no"]
[SourceDate "2004.05.04"]

1. c4 Nf6 2. Nc3 g6 3. d4 Bg7 4. e4 d6 5. Bg5 O-O 6. Qd2 c5 7. d5 b5 8. cxb5 a6 9. a4 Qa5 10. f3 Nbd7 11. Nh3 c4 12. Nf2 Qb4 13. Ra3 axb5 14. axb5 Rxa3 15. bxa3 Qxa3 16. Bxc4 Nb6 17. Be2 Bd7 18. O-O Rc8 19. Rc1 Ne8 20. Nfd1 Nc4 21. Bxc4 Rxc4 22. Be3 Nc7 23. b6 Na6 24. Qa2 Qxa2 25. Nxa2 Ra4 26. Rc2 f5 27. b7 fxe4 28. Rc8+ Kf7 29. Ndc3 1-0

[Event "Mondariz op"]
[Site "?"]
[Date "1998.??.??"]
[Round "?"]
[White "Suba, Mihai"]
[Black "Paramos, Roberto"]
[Result "1-0"]
[WhiteElo "2535"]
[BlackElo "2420"]
[PlyCount "117"]
[EventDate "1998.??.??"]
[Source "www.chesslib.no"]
[SourceDate "2004.05.04"]

1. d4 Nf6 2. c4 g6 3. Nc3 Bg7 4. e4 d6 5. Bg5 h6 6. Be3 Ng4 7. Bc1 c5 8. d5 e5 9. h3 Nf6 10. Be3 Na6 11. a3 Nc7 12. Qd2 Nh5 13. Be2 Nf4 14. Bf3 Qf6 15. Qd1 g5 16. g3 Ng6 17. b4 b6 18. Bg4 O-O 19. Nf3 Qd8 20. Rb1 f5 21. Bxf5 Rxf5 22. exf5 Bxf5 23. Nd2 e4 24. Ncxe4 Qe7 25. f3 cxb4 26. axb4 b5 27. O-O bxc4 28. Nxc4 Bxe4 29. fxe4 Qxe4 30. Qf3 Qxf3 31. Rxf3 Nxd5 32. Bf2 Nc3 33. Re1 d5 34. Nd6 d4 35. Rf7 Be5 36. Rd7 Nf8 37. Rb7 d3 38. Nc4 Bf6 39. Kg2 Rc8 40. Bc5 a5 41. Bxf8 Kxf8 42. Rf1 Nd5 43. Rd7 Rxc4 44. Rxd5 Rc2+ 45. Kg1 Ke7 46. bxa5 d2 47. Rd3 Bb2 48. a6 Bc1 49. Rf2 Rc3 50. Re2+ Kf6 51. Rd6+ Kf7 52. Kg2 Ra3 53. g4 Rxa6 54. Rexd2 Ra4 55. Rc2 Bf4 56. Rc7+ Ke8 57. Re6+ Kd8 58. Rh7 Ra2+ 59. Kg1 1-0

[Event "Finjub30 IM"]
[Site "Finjub30 IM"]
[Date "1992.??.??"]
[Round "?"]
[White "Kroll, Ove"]
[Black "Embrey, Kevin W"]
[Result "1-0"]
[WhiteElo "2475"]
[BlackElo "2470"]
[PlyCount "91"]
[EventDate "1992.??.??"]
[Source "www.chesslib.no"]
[SourceDate "2004.05.04"]

1. c4 Nf6 2. Nc3 g6 3. e4 d6 4. d4 Bg7 5. Bg5 Nbd7 6. f3 O-O 7. Qd2 a6 8. Nh3 c5 9. d5 Ne5 10. Nf2 b5 11. cxb5 Qa5 12. a4 axb5 13. Nxb5 Bd7 14. Be2 Rfb8 15. O-O h5 16. Rfb1 Qxd2 17. Bxd2 c4 18. Bc3 Rc8 19. Bxe5 dxe5 20. Nd1 Bh6 21. Kf2 Bxb5 22. axb5 Rab8 23. Nc3 Ne8 24. Ra6 Nd6 25. Rc6 Bd2 26. b6 Kf8 27. Na4 Ke8 28. b4 Kd7 29. b5 Ba5 30. Ke3 Kd8 31. g3 c3 32. Bd3 f6 33. f4 Nf7 34. Bc2 Rb7 35. Kd3 Rbb8 36. Bb3 Nd6 37. fxe5 fxe5 38. Bd1 Ke8 39. g4 h4 40. g5 Rb7 41. Rxc8+ Nxc8 42. Nc5 Rb8 43. b7 Nd6 44. Ra1 Bd8 45. Ra8 Nxb7 46. Rxb8 1-0

[Event "Groningen Open"]
[Site "Groningen NED"]
[Date "1988.??.??"]
[Round "?"]
[White "Ermenkov, Evgenij P"]
[Black "Martinovic, Slobodan"]
[Result "1/2-1/2"]
[WhiteElo "2480"]
[BlackElo "2460"]
[PlyCount "152"]
[EventDate "1988.12.??"]
[Source "www.chesslib.no"]
[SourceDate "2004.05.04"]

1. c4 Nf6 2. Nc3 g6 3. e4 d6 4. d4 Bg7 5. Bg5 h6 6. Bh4 O-O 7. f4 c5 8. d5 Qa5 9. Qd2 e6 10. dxe6 Bxe6 11. Bd3 Re8 12. Nf3 Nc6 13. O-O Bg4 14. h3 Bxf3 15. Rxf3 Nd4 16. Rff1 a6 17. Rae1 Rf8 18. f5 g5 19. Bg3 Rad8 20. h4 g4 21. Bf4 Kh7 22. Bg5 Nc6 23. Rd1 Rd7 24. Bb1 hxg5 25. hxg5 Ne5 26. Kf2 g3+ 27. Ke2 Nfg4 28. Rh1+ Kg8 29. f6 Re8 30. fxg7 Kxg7 31. b3 Ng6 32. Qb2 Re5 33. Nd5 Qd8 34. Rh5 Kg8 35. Rdh1 b5 36. Kf3 Nh2+ 37. R5xh2 gxh2 38. Nf6+ Kf8 39. Rxh2 bxc4 40. bxc4 Rxg5 41. Nh7+ Kg8 42. Nf6+ Kf8 43. Nh7+ Ke8 44. Nf6+ Ke7 45. Nd5+ Rxd5 46. exd5 Ne5+ 47. Kf4 Qa5 48. Bf5 Qe1 49. g4 Qf1+ 50. Kg5 Nf3+ 51. Kh5 Nxh2 52. Qxh2 Rd8 53. Qh4+ f6 54. Kg6 Rg8+ 55. Kh7 Rg5 56. Kh8 Rxf5 57. Qh7+ Kd8 58. Qxf5 Qxc4 59. Qxf6+ Kc7 60. Qe7+ Kc8 61. Qe8+ Kb7 62. Qc6+ Ka7 63. Qc7+ Ka8 64. Qc8+ Ka7 65. Qc7+ Ka8 66. Qc6+ Ka7 67. Qxd6 Qxg4 68. Qxc5+ Kb7 69. Qc6+ Ka7 70. Qc7+ Ka8 71. Qc6+ Ka7 72. Qe6 Qc4 73. Qe7+ Kb6 74. d6 Qc8+ 75. Kg7 Kc6 76. Kf6 Qh8+ 1/2-1/2

[Event "13. Papanastasio"]
[Site "13. Papanastasio"]
[Date "1995.??.??"]
[Round "?"]
[White "Nikolaidis, Ioannis"]
[Black "Anagnostopoulos, Dimitri"]
[Result "1-0"]
[WhiteElo "2495"]
[BlackElo "2445"]
[PlyCount "61"]
[EventDate "1995.??.??"]
[Source "www.chesslib.no"]
[SourceDate "2004.05.04"]

1. d4 Nf6 2. c4 g6 3. Nc3 Bg7 4. e4 d6 5. Bg5 h6 6. Be3 Ng4 7. Bc1 e5 8. d5 f5 9. Be2 Nf6 10. exf5 gxf5 11. Bh5+ Kf8 12. Be2 Kg8 13. f4 e4 14. Nh3 Kh7 15. Be3 c5 16. Nf2 Na6 17. h3 Nc7 18. a4 Na6 19. g4 Nb4 20. Rg1 Re8 21. Rg3 a6 22. Kf1 Bd7 23. Kg1 b5 24. g5 Ng8 25. axb5 axb5 26. Rxa8 Qxa8 27. Bh5 hxg5 28. Bf7 g4 29. hxg4 Re7 30. g5 Rxf7 31. Qh5+ 1-0

[Event "Sankt_Peterburg"]
[Site "?"]
[Date "1994.??.??"]
[Round "?"]
[White "Nikolaidis, I."]
[Black "Atalik, S."]
[Result "1/2-1/2"]
[WhiteElo "2410"]
[BlackElo "2530"]
[PlyCount "30"]
[EventDate "1994.??.??"]
[Source "ChessBase"]
[SourceDate "1994.02.01"]

1. d4 Nf6 2. c4 g6 3. Nc3 Bg7 4. e4 d6 5. Bg5 h6 6. Bh4 O-O 7. Bd3 Nc6 8. Nge2 g5 9. Bg3 Nh5 10. Bc2 e6 11. Qd2 Nxg3 12. hxg3 Nb4 13. O-O-O Nxc2 14. Qxc2 Bd7 15. e5 f5 1/2-1/2

[Event "Jagodina"]
[Site "Jagodina"]
[Date "1998.04.03"]
[Round "11"]
[White "Ermenkov, Evgenij"]
[Black "Antic, Dejan"]
[Result "1/2-1/2"]
[WhiteElo "2480"]
[BlackElo "2460"]
[PlyCount "29"]
[EventDate "1998.03.23"]
[Source "ChessBase"]
[SourceDate "1998.09.09"]

1. d4 Nf6 2. c4 g6 3. Nc3 Bg7 4. e4 d6 5. Bg5 O-O 6. Qd2 a6 7. f4 Nbd7 8. Nf3 c5 9. d5 b5 10. cxb5 Qa5 11. e5 dxe5 12. fxe5 Ng4 13. Bxe7 Re8 14. d6 Bh6 15. Qd5 1/2-1/2

[Event "EU-ch 2nd"]
[Site "Ohrid"]
[Date "2001.06.13"]
[Round "12"]
[White "Dancevski, Orce"]
[Black "Smirnov, Pavel"]
[Result "0-1"]
[WhiteElo "2428"]
[BlackElo "2511"]
[PlyCount "82"]
[EventDate "2001.06.01"]
[Source "ChessBase"]
[SourceDate "2001.09.13"]

1. d4 Nf6 2. c4 g6 3. Nc3 Bg7 4. e4 d6 5. Bg5 O-O 6. Qd2 c5 7. d5 a6 8. a4 e6 9. Bd3 Nbd7 10. Nf3 exd5 11. cxd5 Re8 12. O-O Qc7 13. Qf4 c4 14. Bc2 Rb8 15. a5 b5 16. axb6 Rxb6 17. Na4 Rb4 18. Qh4 c3 19. bxc3 Rbxe4 20. Bxe4 Rxe4 21. Bf4 h6 22. Qg3 Nh5 23. Bxd6 Qb7 24. Qh3 Ndf6 25. Nc5 Qa8 26. Nxe4 Bxh3 27. Nxf6+ Bxf6 28. Rad1 Bg4 29. c4 a5 30. h3 Bxf3 31. gxf3 Qc8 32. c5 Qxh3 33. Rd3 Be7 34. Bh2 Bxc5 35. d6 Ng3 36. Re1 Bxf2+ 37. Kxf2 Qxh2+ 38. Ke3 Nf5+ 39. Ke4 Nxd6+ 40. Kd4 a4 41. Re4 Nxe4 0-1